书目信息 |
| 题名: |
非常漫画教室
|
|
| 作者: | 波普 著 ;徐捷 译 | |
| 分册: | ||
| 出版信息: | 上海 上海人民美术出版社 2010.01 |
|
| 页数: | 127页 | |
| 开本: | 28cm | |
| 丛书名: | ||
| 单 册: | ||
| 中图分类: | J218.2 | |
| 科图分类: | ||
| 主题词: | 人物画--漫画--绘画技法 | |
| 电子资源: | ||
| ISBN: | 978-7-5322-6600-5 | |
| 000 | 01028nam0 2200253 450 | |
| 001 | 012010610610 | |
| 005 | 20100628085853.65 | |
| 009 | 012004429657 | |
| 010 | @a978-7-5322-6600-5@dCNY35.00 | |
| 100 | @a20100515d2010 em y0chiy0110 ea | |
| 101 | 1 | @achi@ceng |
| 102 | @aCN@b310000 | |
| 105 | @aa z 000yy | |
| 200 | 1 | @a非常漫画教室@Afei chang man hua jiao shi@e如何创作夸张人物漫画@d= Drawing caricatures@ehow to create successful caricatures in a range of styles@f(英) 马丁·波普著@F(ying)ma ding·bo pu zhu@g徐捷译@zeng |
| 210 | @a上海@c上海人民美术出版社@d2010.01 | |
| 215 | @a127页@c图@d28cm | |
| 330 | @a本书并无深奥的理论知识,有的只是作者总结的绘画经验以及如何通过各种实践练习和范画,提高观察能力和动手能力。 | |
| 500 | 10 | @aDrawing caricatures@ehow to create successful caricatures in a range of styles@mChinese |
| 606 | 0 | @a人物画@x漫画@x绘画技法 |
| 690 | @aJ218.2@v4 | |
| 701 | 0 | @c(英)@a波普@Abo pu@c(Pope, Martin)@4著 |
| 702 | 0 | @a徐捷@Axu jie@4译 |
| 801 | 0 | @aCN@c20100515 |
| 905 | @dJ218.2@eB860@f3 | |
| 非常漫画教室:如何创作夸张人物漫画= Drawing caricatures:how to create successful caricatures in a range of styles/(英) 马丁·波普著/徐捷译.-上海:上海人民美术出版社,2010.01 |
| 127页:图;28cm |
| ISBN 978-7-5322-6600-5:CNY35.00 |
| 本书并无深奥的理论知识,有的只是作者总结的绘画经验以及如何通过各种实践练习和范画,提高观察能力和动手能力。 |
| ● |
| 相关链接 |
|
|
|
正题名:非常漫画教室
索取号:J218.2/B860
 
预约/预借
| 序号 | 登录号 | 条形码 | 馆藏地/架位号 | 状态 | 备注 |
| 1 | 985385 | 209853853 | 艺术设计学院资料室/ [索取号:J218.2/B860] | 在馆 | |
| 2 | 985386 | 209853862 | 社科库309/309社科库 72排3列4层/ [索取号:J218.2/B860] | 在馆 | |
| 3 | 985387 | 209853871 | 艺术设计学院资料室/ [索取号:J218.2/B860] | 在馆 |